000 00569nam a2200217Ia 4500
003 OSt
005 20220928142508.0
006 a|||||r|||| 00| 0
007 ta
008 220927b |||||||| |||| 00| 0 eng d
024 _a19891
037 _cTextual
040 _aSDCL
_cSDCL
_beng
041 _2eng
_aeng
082 _aO15:g(S:55), 152K7;1
100 _aSingh Indrapala
_9503732
245 0 _aSrngara rasa ka sastriya vivechana.
260 _c1967
942 _hO15:g(S:55), 152K7;1
_cTEXL
_2CC
999 _c822041
_d822041